000 00731nam a2200217Ia 4500
003 0
005 20250129100006.0
008 190909s9999 xx 000 0 und d
050 _aPGS LB 1573
_b.C639 2016
100 _aClimacosa, Shane Allison B.
245 _aReading interest and reading skills /
_cShane Allison B. Climacosa.
260 _aLas PiƱas City, Philippines :
_bSouthville International School and Colleges,
_c2016.
300 _a24 p. :
_bill. ;
_c28 cm.
504 _aIncludes bibliographical references.
650 _aReading.
650 _aReading comprehension.
650 _aReading skills.
650 _aInterest in reading.
650 _aReading
_vStudy and teaching (Elementary).
942 _2lcc
_cPASS
999 _c362098
_d362098